Statistics for Top 10 New Orleans Pelicans NBA Starters

Click here to take the quiz!

General Stats

  • This quiz has been taken 134 times
    (18 since last reset)
  • The average score is 15 of 30

Answer Stats

TeamPlayer% Correct
2014-15, 2017-18Anthony Davis
100%
2002-03, 2003-04Baron Davis
100%
2021-22, 2022-23, 2023-24Brandon Ingram
100%
2021-22, 2022-23, 2023-24Jonas Valančiūnas
94%
2023-24Zion Williamson
94%
2007-08, 2008-09, 2010-11Chris Paul
88%
2021-22, 2022-23, 2023-24Herbert Jones
88%
2021-22, 2022-23, 2023-24CJ McCollum
82%
2017-18DeMarcus Cousins
65%
2014-15, 2017-18Jrue Holiday
65%
2007-08, 2008-09, 2010-11David West
59%
2017-18Rajon Rondo
59%
2022-23Trey Murphy III
53%
2010-11Emeka Okafor
41%
2017-18E'Twaun Moore
41%
2002-03Jamal Mashburn
41%
2014-15Ömer Aşık
41%
2007-08, 2008-09Peja Stojaković
41%
2014-15Tyreke Evans
41%
2014-15Eric Gordon
35%
2007-08, 2008-09Tyson Chandler
35%
2021-22Jaxson Hayes
24%
2002-03, 2003-04P.J. Brown
24%
2002-03, 2003-04Jamaal Magloire
18%
2007-08Morris Peterson
12%
2008-09Rasual Butler
12%
2002-03, 2003-04David Wesley
6%
2010-11Marco Belinelli
6%
2010-11Trevor Ariza
6%
2003-04George Lynch
0%

Score Distribution

Percentile by Number Answered

Percent of People with Each Score

Your Score History

You have not taken this quiz since the last reset